书目信息 |
| 题名: |
大学生心理健康修养
|
|
| 作者: | 黄晞建 , 丁玲 主编 | |
| 分册: | ||
| 出版信息: | 上海 上海交通大学出版社 2008.03 |
|
| 页数: | 227页 | |
| 开本: | 21cm | |
| 丛书名: | ||
| 单 册: | ||
| 中图分类: | B844.2 | |
| 科图分类: | ||
| 主题词: | 大学生--da xue sheng--心理卫生--健康教育--高等学校--教材 | |
| 电子资源: | ||
| ISBN: | 978-7-313-05084-7 | |
| 000 | 00958nam0 2200241 450 | |
| 001 | 012008063260 | |
| 005 | 20080806182944.65 | |
| 010 | @a978-7-313-05084-7@dCNY28.00 | |
| 100 | @a20080803d2008 em y0chiy0120 ea | |
| 101 | 0 | @achi |
| 102 | @aCN@b310000 | |
| 105 | @aa z 000yy | |
| 106 | @ar | |
| 200 | 1 | @a大学生心理健康修养@Ada xue sheng xin li jian kang xiu yang@f黄晞建, 丁玲主编@Fhuang xi jian,ding ling zhu bian |
| 210 | @a上海@c上海交通大学出版社@d2008.03 | |
| 215 | @a227页@c图@d21cm | |
| 330 | @a本书主要内容包括大学生心理健康、生理卫生、自我意识、学习、情感、压力、求职等方面普通存在的问题和解决方法,并配以大量生动、风趣的图片,是一本近年来内容深入浅出、版面生动活泼的适合大学生和青少年的教材。 | |
| 606 | 0 | @a大学生@Ada xue sheng@x心理卫生@x健康教育@x高等学校@j教材 |
| 690 | @aB844.2@v4 | |
| 701 | 0 | @a黄晞建@Ahuang xi jian@4主编 |
| 701 | 0 | @a丁玲@Ading ling@4主编 |
| 801 | 0 | @aCN@bQSSK@c20080806 |
| 905 | @b731892-94@dB844.2@eH902@f3 | |
| 大学生心理健康修养/黄晞建, 丁玲主编.-上海:上海交通大学出版社,2008.03 |
| 227页:图;21cm |
| ISBN 978-7-313-05084-7:CNY28.00 |
| 本书主要内容包括大学生心理健康、生理卫生、自我意识、学习、情感、压力、求职等方面普通存在的问题和解决方法,并配以大量生动、风趣的图片,是一本近年来内容深入浅出、版面生动活泼的适合大学生和青少年的教材。 |
| ● |
| 相关链接 |
|
|
|
正题名:大学生心理健康修养
索取号:B844.2/H902
 
预约/预借
| 序号 | 登录号 | 条形码 | 馆藏地/架位号 | 状态 | 备注 |
| 1 | 731892 | 207318927 | 社科库509/509社科库 38排2列3层/ [索取号:B844.2/H902] | 在馆 | |
| 2 | 731893 | 207318936 | 社科库509/509社科库 38排2列3层/ [索取号:B844.2/H902] | 在馆 | |
| 3 | 731894 | 207318945 | 社科库509/509社科库 38排2列3层/ [索取号:B844.2/H902] | 在馆 |